<?xml version="1.0" encoding="UTF-8"?>
<record
    xmlns:xsi="http://www.w3.org/2001/XMLSchema-instance"
    xsi:schemaLocation="http://www.loc.gov/MARC21/slim http://www.loc.gov/standards/marcxml/schema/MARC21slim.xsd"
    xmlns="http://www.loc.gov/MARC21/slim">

  <leader>01510nam a2200397 i 4500</leader>
  <controlfield tag="003">CO-BoRNBP</controlfield>
  <controlfield tag="005">20230511161032.0</controlfield>
  <controlfield tag="007">ta</controlfield>
  <controlfield tag="008">211109s2020    ck    |er ||| 00| 0 spa d</controlfield>
  <datafield tag="020" ind1=" " ind2=" ">
    <subfield code="a">9789585105645</subfield>
  </datafield>
  <datafield tag="040" ind1=" " ind2=" ">
    <subfield code="a">CO-BoRNBP</subfield>
    <subfield code="b">spa</subfield>
    <subfield code="e">rda</subfield>
    <subfield code="c">CO-BoRNBP</subfield>
  </datafield>
  <datafield tag="041" ind1="0" ind2=" ">
    <subfield code="a">spa</subfield>
  </datafield>
  <datafield tag="082" ind1="0" ind2="4">
    <subfield code="a">028</subfield>
    <subfield code="b">C17pa</subfield>
    <subfield code="2">22</subfield>
  </datafield>
  <datafield tag="100" ind1="1" ind2=" ">
    <subfield code="a">Castrill&#xF3;n, Silvia</subfield>
    <subfield code="d">1942-</subfield>
    <subfield code="e">autora</subfield>
    <subfield code="9">1946</subfield>
  </datafield>
  <datafield tag="245" ind1="1" ind2="0">
    <subfield code="a">Participaci&#xF3;n ciudadana</subfield>
    <subfield code="c">texto elaborado por Silvia Castrill&#xF3;n ; colaboraci&#xF3;n de Paola Roa</subfield>
  </datafield>
  <datafield tag="250" ind1=" " ind2=" ">
    <subfield code="a">Edici&#xF3;n especial</subfield>
  </datafield>
  <datafield tag="250" ind1=" " ind2=" ">
    <subfield code="a">Primera edici&#xF3;n</subfield>
  </datafield>
  <datafield tag="264" ind1=" " ind2="1">
    <subfield code="a">Bogot&#xE1;, Colombia</subfield>
    <subfield code="b">Biblioteca Nacional de Colombia</subfield>
    <subfield code="b">Ministerio de Cultura </subfield>
    <subfield code="c">2020</subfield>
  </datafield>
  <datafield tag="300" ind1=" " ind2=" ">
    <subfield code="a">20 p&#xE1;ginas</subfield>
    <subfield code="c">27 cm</subfield>
  </datafield>
  <datafield tag="336" ind1=" " ind2=" ">
    <subfield code="a">texto</subfield>
    <subfield code="b">txt</subfield>
    <subfield code="2">rdacontent</subfield>
  </datafield>
  <datafield tag="337" ind1=" " ind2=" ">
    <subfield code="a">sin mediaci&#xF3;n</subfield>
    <subfield code="b">n</subfield>
    <subfield code="2">rdamedia</subfield>
  </datafield>
  <datafield tag="338" ind1=" " ind2=" ">
    <subfield code="a">volumen</subfield>
    <subfield code="b">nc</subfield>
    <subfield code="2">rdacarrier</subfield>
  </datafield>
  <datafield tag="490" ind1="0" ind2=" ">
    <subfield code="a">Plan Nacional de Lectura y Escritura Leer es mi Cuento / Ministerio de Cultura</subfield>
  </datafield>
  <datafield tag="490" ind1="0" ind2=" ">
    <subfield code="a">Colecci&#xF3;n Gu&#xED;as para Planes Locales de Lectura, Escritura y Oralidad</subfield>
  </datafield>
  <datafield tag="490" ind1="0" ind2=" ">
    <subfield code="a">Serie Fundamentos</subfield>
    <subfield code="v">3</subfield>
  </datafield>
  <datafield tag="504" ind1=" " ind2=" ">
    <subfield code="a">Incluye referencias bibliogr&#xE1;ficas</subfield>
  </datafield>
  <datafield tag="521" ind1=" " ind2=" ">
    <subfield code="a">Recomendado para un p&#xFA;blico adulto</subfield>
  </datafield>
  <datafield tag="650" ind1="1" ind2="7">
    <subfield code="a">Pol&#xED;ticas de lectura</subfield>
    <subfield code="v">Gu&#xED;as</subfield>
    <subfield code="2">LEMB</subfield>
    <subfield code="9">1947</subfield>
  </datafield>
  <datafield tag="650" ind1="1" ind2="7">
    <subfield code="a">Lectura</subfield>
    <subfield code="v">Gu&#xED;as</subfield>
    <subfield code="2">LEMB</subfield>
    <subfield code="9">1940</subfield>
  </datafield>
  <datafield tag="650" ind1="1" ind2="7">
    <subfield code="a">Escritura</subfield>
    <subfield code="v">Gu&#xED;as</subfield>
    <subfield code="2">LEMB</subfield>
    <subfield code="9">1941</subfield>
  </datafield>
  <datafield tag="650" ind1="1" ind2="7">
    <subfield code="a">Promoci&#xF3;n de la lectura</subfield>
    <subfield code="v">Gu&#xED;as</subfield>
    <subfield code="2">LEMB</subfield>
    <subfield code="9">1919</subfield>
  </datafield>
  <datafield tag="650" ind1="1" ind2="7">
    <subfield code="a">Libros y lectura </subfield>
    <subfield code="v">Gu&#xED;as</subfield>
    <subfield code="2">LEMB</subfield>
    <subfield code="9">1948</subfield>
  </datafield>
  <datafield tag="650" ind1="1" ind2="7">
    <subfield code="a">Bibliotecas p&#xFA;blicas</subfield>
    <subfield code="v">Gu&#xED;as</subfield>
    <subfield code="2">LEMB</subfield>
    <subfield code="9">1920</subfield>
  </datafield>
  <datafield tag="700" ind1="1" ind2=" ">
    <subfield code="a">Roa, Paola Isabel</subfield>
    <subfield code="e">colaboradora</subfield>
    <subfield code="9">319</subfield>
  </datafield>
  <datafield tag="942" ind1=" " ind2=" ">
    <subfield code="2">ddc</subfield>
    <subfield code="c">BK</subfield>
  </datafield>
  <datafield tag="999" ind1=" " ind2=" ">
    <subfield code="c">9528</subfield>
    <subfield code="d">9528</subfield>
  </datafield>
  <datafield tag="952" ind1=" " ind2=" ">
    <subfield code="0">0</subfield>
    <subfield code="1">0</subfield>
    <subfield code="2">ddc</subfield>
    <subfield code="4">0</subfield>
    <subfield code="7">0</subfield>
    <subfield code="8">GEN</subfield>
    <subfield code="a">MEGUAMAL</subfield>
    <subfield code="b">MEGUAMAL</subfield>
    <subfield code="c">GEN</subfield>
    <subfield code="d">2023-05-11</subfield>
    <subfield code="l">0</subfield>
    <subfield code="o">028 C17pa</subfield>
    <subfield code="p">GUA003551</subfield>
    <subfield code="r">2023-05-11 00:00:00</subfield>
    <subfield code="t">Ej.1</subfield>
    <subfield code="w">2023-05-11</subfield>
    <subfield code="y">BK</subfield>
  </datafield>
  <datafield tag="952" ind1=" " ind2=" ">
    <subfield code="0">0</subfield>
    <subfield code="1">0</subfield>
    <subfield code="2">ddc</subfield>
    <subfield code="4">0</subfield>
    <subfield code="7">0</subfield>
    <subfield code="8">GEN</subfield>
    <subfield code="a">MESARAMA</subfield>
    <subfield code="b">MESARAMA</subfield>
    <subfield code="c">GEN</subfield>
    <subfield code="d">2023-06-05</subfield>
    <subfield code="l">0</subfield>
    <subfield code="o">028 C17pa</subfield>
    <subfield code="p">SJA00161</subfield>
    <subfield code="r">2023-06-05 00:00:00</subfield>
    <subfield code="t">Ej.1</subfield>
    <subfield code="w">2023-06-05</subfield>
    <subfield code="y">BK</subfield>
  </datafield>
  <datafield tag="952" ind1=" " ind2=" ">
    <subfield code="0">0</subfield>
    <subfield code="1">0</subfield>
    <subfield code="2">ddc</subfield>
    <subfield code="4">0</subfield>
    <subfield code="7">0</subfield>
    <subfield code="8">GEN</subfield>
    <subfield code="a">MEACACIA</subfield>
    <subfield code="b">MEACACIA</subfield>
    <subfield code="c">GEN</subfield>
    <subfield code="d">2023-06-07</subfield>
    <subfield code="l">0</subfield>
    <subfield code="o">028 C17pa</subfield>
    <subfield code="p">ACA01054</subfield>
    <subfield code="r">2023-06-07 00:00:00</subfield>
    <subfield code="t">Ej.1</subfield>
    <subfield code="w">2023-06-07</subfield>
    <subfield code="y">BK</subfield>
  </datafield>
  <datafield tag="952" ind1=" " ind2=" ">
    <subfield code="0">0</subfield>
    <subfield code="1">0</subfield>
    <subfield code="2">ddc</subfield>
    <subfield code="4">0</subfield>
    <subfield code="7">0</subfield>
    <subfield code="8">GEN</subfield>
    <subfield code="a">MECUBARR</subfield>
    <subfield code="b">MECUBARR</subfield>
    <subfield code="c">GEN</subfield>
    <subfield code="d">2023-08-03</subfield>
    <subfield code="l">0</subfield>
    <subfield code="o">028 C17pa</subfield>
    <subfield code="p">CUB02116</subfield>
    <subfield code="r">2023-08-03 15:03:33</subfield>
    <subfield code="t">Ej.1</subfield>
    <subfield code="w">2023-08-03</subfield>
    <subfield code="y">BK</subfield>
  </datafield>
  <datafield tag="952" ind1=" " ind2=" ">
    <subfield code="0">0</subfield>
    <subfield code="1">0</subfield>
    <subfield code="2">ddc</subfield>
    <subfield code="4">0</subfield>
    <subfield code="7">0</subfield>
    <subfield code="8">GEN</subfield>
    <subfield code="a">MECASTIL</subfield>
    <subfield code="b">MECASTIL</subfield>
    <subfield code="c">GEN</subfield>
    <subfield code="d">2023-08-24</subfield>
    <subfield code="l">0</subfield>
    <subfield code="o">028 C17pa</subfield>
    <subfield code="p">EC01427</subfield>
    <subfield code="r">2023-08-24 20:16:23</subfield>
    <subfield code="t">Ej.1</subfield>
    <subfield code="w">2023-08-24</subfield>
    <subfield code="y">BK</subfield>
  </datafield>
  <datafield tag="952" ind1=" " ind2=" ">
    <subfield code="0">0</subfield>
    <subfield code="1">0</subfield>
    <subfield code="2">ddc</subfield>
    <subfield code="4">0</subfield>
    <subfield code="7">0</subfield>
    <subfield code="8">GEN</subfield>
    <subfield code="a">MEMAPIRI</subfield>
    <subfield code="b">MEMAPIRI</subfield>
    <subfield code="c">GEN</subfield>
    <subfield code="d">2024-01-09</subfield>
    <subfield code="l">0</subfield>
    <subfield code="o">028.C17pa</subfield>
    <subfield code="p">MAP00001061</subfield>
    <subfield code="r">2024-01-09 20:47:07</subfield>
    <subfield code="t">Ej.1</subfield>
    <subfield code="w">2024-01-09</subfield>
    <subfield code="y">BK</subfield>
  </datafield>
  <datafield tag="952" ind1=" " ind2=" ">
    <subfield code="0">0</subfield>
    <subfield code="1">0</subfield>
    <subfield code="2">ddc</subfield>
    <subfield code="4">0</subfield>
    <subfield code="7">0</subfield>
    <subfield code="8">GEN</subfield>
    <subfield code="a">MEURIBE</subfield>
    <subfield code="b">MEURIBE</subfield>
    <subfield code="c">GEN</subfield>
    <subfield code="d">2024-03-04</subfield>
    <subfield code="l">0</subfield>
    <subfield code="o">028 C17pa</subfield>
    <subfield code="p">URI00066</subfield>
    <subfield code="r">2024-03-04 12:49:47</subfield>
    <subfield code="t">Ej.1</subfield>
    <subfield code="w">2024-03-04</subfield>
    <subfield code="y">BK</subfield>
  </datafield>
  <datafield tag="952" ind1=" " ind2=" ">
    <subfield code="0">0</subfield>
    <subfield code="1">0</subfield>
    <subfield code="2">ddc</subfield>
    <subfield code="4">0</subfield>
    <subfield code="7">0</subfield>
    <subfield code="8">GEN</subfield>
    <subfield code="a">MESMARTI</subfield>
    <subfield code="b">MESMARTI</subfield>
    <subfield code="c">GEN</subfield>
    <subfield code="d">2024-07-10</subfield>
    <subfield code="l">0</subfield>
    <subfield code="o">028  C17pa</subfield>
    <subfield code="p">SM00156</subfield>
    <subfield code="r">2024-07-10 10:32:15</subfield>
    <subfield code="t">Ej.1</subfield>
    <subfield code="w">2024-07-10</subfield>
    <subfield code="y">BK</subfield>
  </datafield>
  <datafield tag="952" ind1=" " ind2=" ">
    <subfield code="0">0</subfield>
    <subfield code="1">0</subfield>
    <subfield code="2">ddc</subfield>
    <subfield code="4">0</subfield>
    <subfield code="7">0</subfield>
    <subfield code="8">GEN</subfield>
    <subfield code="a">MECASARI</subfield>
    <subfield code="b">MECASARI</subfield>
    <subfield code="c">GEN</subfield>
    <subfield code="d">2024-11-10</subfield>
    <subfield code="l">0</subfield>
    <subfield code="o">028 - C17P</subfield>
    <subfield code="p">BM0001028</subfield>
    <subfield code="r">2024-11-10 18:41:11</subfield>
    <subfield code="t">Ej.1</subfield>
    <subfield code="w">2024-11-10</subfield>
    <subfield code="y">BK</subfield>
  </datafield>
  <datafield tag="952" ind1=" " ind2=" ">
    <subfield code="0">0</subfield>
    <subfield code="1">0</subfield>
    <subfield code="4">0</subfield>
    <subfield code="7">0</subfield>
    <subfield code="8">001</subfield>
    <subfield code="a">MEVIGERR</subfield>
    <subfield code="b">MEVIGERR</subfield>
    <subfield code="c">GEN</subfield>
    <subfield code="d">2023-11-02</subfield>
    <subfield code="o">028 C17pa</subfield>
    <subfield code="p">ECA28684</subfield>
    <subfield code="r">2024-11-25 15:07:40</subfield>
    <subfield code="t">Ej.1</subfield>
    <subfield code="w">2024-11-25</subfield>
    <subfield code="y">BK</subfield>
    <subfield code="z">22314 | 27649</subfield>
  </datafield>
  <datafield tag="952" ind1=" " ind2=" ">
    <subfield code="0">0</subfield>
    <subfield code="1">0</subfield>
    <subfield code="2">ddc</subfield>
    <subfield code="4">0</subfield>
    <subfield code="7">0</subfield>
    <subfield code="8">GEN</subfield>
    <subfield code="a">MESGUARO</subfield>
    <subfield code="b">MESGUARO</subfield>
    <subfield code="c">GEN</subfield>
    <subfield code="d">2025-02-27</subfield>
    <subfield code="l">0</subfield>
    <subfield code="o">028 C17pa</subfield>
    <subfield code="p">SG02481</subfield>
    <subfield code="r">2025-02-27 17:08:19</subfield>
    <subfield code="t">Ej.1</subfield>
    <subfield code="w">2025-02-27</subfield>
    <subfield code="y">BK</subfield>
  </datafield>
  <datafield tag="952" ind1=" " ind2=" ">
    <subfield code="0">0</subfield>
    <subfield code="1">0</subfield>
    <subfield code="2">ddc</subfield>
    <subfield code="4">0</subfield>
    <subfield code="7">0</subfield>
    <subfield code="8">GEN</subfield>
    <subfield code="a">MERESTRE</subfield>
    <subfield code="b">MERESTRE</subfield>
    <subfield code="c">GEN</subfield>
    <subfield code="d">2025-05-19</subfield>
    <subfield code="l">0</subfield>
    <subfield code="o">028 C17pa</subfield>
    <subfield code="p">RES00040</subfield>
    <subfield code="r">2025-05-19 16:09:00</subfield>
    <subfield code="t">Ej.4</subfield>
    <subfield code="w">2025-05-19</subfield>
    <subfield code="y">BK</subfield>
  </datafield>
  <datafield tag="952" ind1=" " ind2=" ">
    <subfield code="0">0</subfield>
    <subfield code="1">0</subfield>
    <subfield code="2">ddc</subfield>
    <subfield code="4">0</subfield>
    <subfield code="7">0</subfield>
    <subfield code="8">GEN</subfield>
    <subfield code="a">MEMAPJGA</subfield>
    <subfield code="b">MEMAPJGA</subfield>
    <subfield code="c">GEN</subfield>
    <subfield code="d">2025-07-07</subfield>
    <subfield code="l">0</subfield>
    <subfield code="o">028 C17pa</subfield>
    <subfield code="p">MPJG00325</subfield>
    <subfield code="r">2025-07-07 09:52:58</subfield>
    <subfield code="t">Ej.1</subfield>
    <subfield code="w">2025-07-07</subfield>
    <subfield code="y">BK</subfield>
  </datafield>
  <datafield tag="952" ind1=" " ind2=" ">
    <subfield code="0">0</subfield>
    <subfield code="1">0</subfield>
    <subfield code="2">ddc</subfield>
    <subfield code="4">0</subfield>
    <subfield code="7">0</subfield>
    <subfield code="8">GEN</subfield>
    <subfield code="a">MEPLLERAS</subfield>
    <subfield code="b">MEPLLERAS</subfield>
    <subfield code="c">GEN</subfield>
    <subfield code="d">2025-07-10</subfield>
    <subfield code="l">0</subfield>
    <subfield code="o">028 C17pa</subfield>
    <subfield code="p">PLL02331</subfield>
    <subfield code="r">2025-07-10 10:33:46</subfield>
    <subfield code="t">Ej.1</subfield>
    <subfield code="w">2025-07-10</subfield>
    <subfield code="y">BK</subfield>
  </datafield>
  <datafield tag="952" ind1=" " ind2=" ">
    <subfield code="0">0</subfield>
    <subfield code="1">0</subfield>
    <subfield code="2">ddc</subfield>
    <subfield code="4">0</subfield>
    <subfield code="7">0</subfield>
    <subfield code="8">GEN</subfield>
    <subfield code="a">MELEJANI</subfield>
    <subfield code="b">MELEJANI</subfield>
    <subfield code="c">GEN</subfield>
    <subfield code="d">2025-07-14</subfield>
    <subfield code="l">0</subfield>
    <subfield code="o">028 C17pa</subfield>
    <subfield code="p">LEJ00530</subfield>
    <subfield code="r">2025-07-14 11:31:07</subfield>
    <subfield code="t">Ej.1</subfield>
    <subfield code="w">2025-07-14</subfield>
    <subfield code="y">BK</subfield>
  </datafield>
  <datafield tag="952" ind1=" " ind2=" ">
    <subfield code="0">0</subfield>
    <subfield code="1">0</subfield>
    <subfield code="2">ddc</subfield>
    <subfield code="4">0</subfield>
    <subfield code="7">0</subfield>
    <subfield code="a">MEMACARE</subfield>
    <subfield code="b">MEMACARE</subfield>
    <subfield code="d">2025-07-17</subfield>
    <subfield code="l">0</subfield>
    <subfield code="o">028 C17pa</subfield>
    <subfield code="p">LM02542</subfield>
    <subfield code="r">2025-07-17 11:39:52</subfield>
    <subfield code="t">Ej.1</subfield>
    <subfield code="w">2025-07-17</subfield>
    <subfield code="y">BK</subfield>
  </datafield>
  <datafield tag="952" ind1=" " ind2=" ">
    <subfield code="0">0</subfield>
    <subfield code="1">0</subfield>
    <subfield code="2">ddc</subfield>
    <subfield code="4">0</subfield>
    <subfield code="7">0</subfield>
    <subfield code="8">GEN</subfield>
    <subfield code="a">MECUMARA</subfield>
    <subfield code="b">MECUMARA</subfield>
    <subfield code="c">GEN</subfield>
    <subfield code="d">2025-09-12</subfield>
    <subfield code="l">0</subfield>
    <subfield code="o">028 C17pa</subfield>
    <subfield code="p">MECUM00802</subfield>
    <subfield code="r">2025-09-12 20:37:00</subfield>
    <subfield code="t">Ej.1</subfield>
    <subfield code="w">2025-09-12</subfield>
    <subfield code="y">BK</subfield>
  </datafield>
  <datafield tag="952" ind1=" " ind2=" ">
    <subfield code="0">0</subfield>
    <subfield code="1">0</subfield>
    <subfield code="2">ddc</subfield>
    <subfield code="4">0</subfield>
    <subfield code="7">0</subfield>
    <subfield code="8">GEN</subfield>
    <subfield code="a">MEPLOPEZ</subfield>
    <subfield code="b">MEPLOPEZ</subfield>
    <subfield code="c">GEN</subfield>
    <subfield code="d">2025-10-22</subfield>
    <subfield code="l">0</subfield>
    <subfield code="o">028 C17pa</subfield>
    <subfield code="p">PLZ03594</subfield>
    <subfield code="r">2025-10-22 14:24:01</subfield>
    <subfield code="t">Ej.1</subfield>
    <subfield code="w">2025-10-22</subfield>
    <subfield code="y">BKLIT</subfield>
  </datafield>
  <datafield tag="952" ind1=" " ind2=" ">
    <subfield code="0">0</subfield>
    <subfield code="1">0</subfield>
    <subfield code="2">lcc</subfield>
    <subfield code="4">0</subfield>
    <subfield code="7">0</subfield>
    <subfield code="8">GEN</subfield>
    <subfield code="a">MEPCONCO</subfield>
    <subfield code="b">MEPCONCO</subfield>
    <subfield code="c">GEN</subfield>
    <subfield code="d">2026-01-23</subfield>
    <subfield code="l">0</subfield>
    <subfield code="o">028 C17pa</subfield>
    <subfield code="p">PCON00360</subfield>
    <subfield code="r">2026-01-23 15:45:40</subfield>
    <subfield code="t">Ej.1</subfield>
    <subfield code="w">2026-01-23</subfield>
    <subfield code="y">BK</subfield>
  </datafield>
</record>
